| 000 | 00763nam a2200217Ia 4500 | ||
|---|---|---|---|
| 003 | GCL | ||
| 008 | 140319s9999 xx 000 0 ara d | ||
| 040 |
_aGCL / _cGCL |
||
| 082 | 0 | 4 |
_a301.328073 _bج د |
| 100 | 1 | _aجمال زكريا قاسم | |
| 245 | 1 | 0 |
_aالعراق فى امريكا دراسة لتاريخ الهجرة العربية الى الولايات المتحدة الامريكية / _cجمال زكريا قاسم |
| 260 |
_a[S.N] : _bمعهد البحوث والدراسات العربية |
||
| 300 | _a336 ص | ||
| 490 | _a | ||
| 650 | 0 | 4 | _aالعالم العربى |
| 650 | 0 | 4 | _aالهجرة |
| 650 | 0 | 4 | _aالولايات المتحدة الامريكية |
| 650 | 0 | 4 | _aالعرب |
| 650 | 0 | 4 | _aالهجرات |
| 942 |
_2ddc _cBK |
||
| 999 |
_c30852 _d30852 |
||